[Event "Ogolnopolska Olimpiada Mlodziezy w Sportach Umyslowych - C14"]
[Site "Walbrzych, Zamek Ksiaz"]
[Date "2013-04-17"]
[Round "2.3"]
[White "Szmer, Aleksander"]
[Black "Grela, Kacper"]
[Result "0-1"]
[WhiteTitle "I"]
[BlackTitle "I"]
[WhiteElo "1739"]
[BlackElo "1979"]

1. Nf3 Nf6 2. g3 g6 3. Bg2 Bg7 4. O-O O-O 5. d3 d5 6. Nbd2 Nc6 7. e4 e5 8. Ne1
Be6 9. f4 Ng4 10. Nb3 dxe4 11. Bxe4 f5 12. Bf3 e4 13. dxe4 Qxd1 14. Bxd1 fxe4
15. Bxg4 Bxg4 16. c3 b6 17. Be3 Rad8 18. Nc2 Ne7 19. Rf2 c5 20. Nd2 Nf5 21. Re1
Rfe8 22. Kg2 Nd6 23. h3 Be6 24. Nb3 Nc4 25. Bc1 a5 26. Ne3 a4 27. Nxc4 Bxc4 28.
Nd2 e3 29. Rxe3 Rxe3 30. Nxc4 Re6 31. g4 b5 32. Ne3 b4 33. cxb4 cxb4 34. f5 Rc6
35. Bd2 b3 36. axb3 axb3 37. fxg6 hxg6 38. Bb4 Bd4 39. Rd2 Bb6 40. Rxd8+ Bxd8
41. Bc3 Rxc3 0-1

[Event "Ogolnopolska Olimpiada Mlodziezy w Sportach Umyslowych - C14"]
[Site "Walbrzych, Zamek Ksiaz"]
[Date "2013-04-17"]
[Round "2.4"]
[White "Walter, Szymon"]
[Black "Klementowski, Dawid"]
[Result "1-0"]
[WhiteTitle "I+"]
[BlackTitle "I"]
[WhiteElo "1925"]
[BlackElo "1734"]

1. e4 c5 2. Nf3 Nc6 3. Nc3 Nf6 4. Bb5 d6 5. h3 Bd7 6. O-O g6 7. Re1 Bg7 8. Bxc6
Bxc6 9. e5 dxe5 10. Nxe5 O-O 11. Nxc6 bxc6 12. d3 Nd5 13. Ne4 Qb6 14. c4 Nc7 15.
Be3 Ne6 16. Rb1 Nd4 17. Qd2 a5 18. Bh6 Rad8 19. Bxg7 Kxg7 20. Qg5 Nf5 21. Ng3
Nxg3 22. fxg3 e6 23. Qe5+ Kg8 24. Re3 Rd4 25. Rf1 Rd7 26. h4 Rb8 27. Rf2 Rbd8
28. h5 Qc7 29. Qf6 gxh5 30. Re5 h6 31. Rfe2 Rxd3 32. Qxh6 f5 33. Rxe6 Rxg3 34.
Re8+ Kf7 35. Qe6+ Kg7 36. Qg8+ Kh6 37. R2e6+ Rg6 38. Qxg6+ 1-0

[Event "Ogolnopolska Olimpiada Mlodziezy w Sportach Umyslowych - C14"]
[Site "Walbrzych, Zamek Ksiaz"]
[Date "2013-04-17"]
[Round "2.5"]
[White "Januszkiewicz, Wojciech"]
[Black "Janik, Igor"]
[Result "1/2-1/2"]
[WhiteTitle "I"]
[BlackTitle "I+"]
[WhiteElo "1729"]
[BlackElo "1889"]

1. d4 Nf6 2. f3 d6 3. e4 g6 4. c4 Bg7 5. Nc3 O-O 6. Be3 Nbd7 7. Qd2 e5 8. d5 Nh5
9. O-O-O Nc5 10. g4 Nf4 11. Nh3 Nxh3 12. Bxh3 Bd7 13. Bf1 f6 14. h4 Rf7 15. Be2
Na4 16. Rhg1 Nxc3 17. Qxc3 b6 18. Bd3 Qc8 19. Qd2 Rb8 20. Kb1 Qe8 21. f4 exf4
22. Bxf4 b5 23. c5 dxc5 24. g5 fxg5 25. Rxg5 c4 26. Bc2 Bh6 27. Rxg6+ hxg6 28.
Bxh6 Qe5 29. Be3 Bg4 30. Rg1 Bh5 31. a3 Rbf8 32. Rg5 Qf6 33. Bd4 Qf4 34. Be3 Qxh4
35. e5 Rf1+ 36. Ka2 Qh1 37. b3 cxb3+ 38. Kxb3 Kh7 39. e6 R1f6 40. Qc3 Qh2 41.
e7 a5 42. exf8=Q Rxf8 43. Qc5 Re8 44. Kb2 Bd1 45. Bg1 Qd2 46. Qxc7+ Kh8 47. Rh5+
Bxh5 48. Qc5 Kg8 49. Qxb5 Rc8 50. Qb3 Bd1 51. d6+ Kf8 52. Bc5 Rxc5 53. Qb8+ Kg7
54. Qa7+ Kh6 55. Qxc5 Bxc2 56. Qxc2 Qxd6 57. Qc1+ g5 58. Qh1+ Kg7 59. Qb7+ Kf6
60. Qf3+ Qf4 61. Qc6+ Kg7 62. Qd7+ Kg6 63. Qe8+ Qf7 64. Qe4+ Kg7 65. a4 Qf6+ 66.
Kb3 Qb6+ 67. Kc3 Qc5+ 68. Kb3 Kf6 69. Qf3+ Qf5 70. Qc3+ Kg6 71. Qc6+ Kh5 72. Qh1+
Kg6 73. Qc6+ Qf6 74. Qe4+ Kg7 75. Ka3 Qd6+ 76. Kb3 Qd1+ 77. Ka3 Kh6 78. Qe6+ 1/2-1/2

[Event "Ogolnopolska Olimpiada Mlodziezy w Sportach Umyslowych - C14"]
[Site "Walbrzych, Zamek Ksiaz"]
[Date "2013-04-17"]
[Round "2.6"]
[White "Szostko, Jakub"]
[Black "Nowak, Kamil"]
[Result "1-0"]
[WhiteTitle "I+"]
[BlackTitle "II+"]
[WhiteElo "1858"]
[BlackElo "1728"]

1. e4 c5 2. Nf3 d6 3. d4 cxd4 4. Nxd4 Nf6 5. Nc3 a6 6. Bg5 Nbd7 7. f4 Qc7 8. Qf3
h6 9. Bxf6 Nxf6 10. f5 Qc5 11. O-O-O g5 12. Nd5 Nxd5 13. exd5 Bg7 14. Nb3 Qb4
15. a3 Qf4+ 16. Qxf4 gxf4 17. Bd3 Bd7 18. Rde1 Rg8 19. g3 Be5 20. gxf4 Bxf4+ 21.
Kb1 Be5 22. Nd2 O-O-O 23. Nf3 f6 24. Nh4 Be8 25. Ng6 Kd7 26. Reg1 Bxg6 27. fxg6
e6 28. dxe6+ Kxe6 29. Rf1 d5 30. Bf5+ Kd6 31. Rf3 Rg7 32. h4 Rc7 33. Rg1 Rg8 34.
Rd3 Rc4 35. Rgd1 d4 36. c3 Kd5 37. b3 Rc7 38. cxd4 Bd6 39. Re3 Rgg7 40. Be6+ Kc6
41. Rc1+ Kb6 42. Rxc7 Kxc7 43. Bf7 Bxa3 44. Re8 Bd6 45. Rh8 Bf4 46. Rh7 1-0

[Event "Ogolnopolska Olimpiada Mlodziezy w Sportach Umyslowych - C14"]
[Site "Walbrzych, Zamek Ksiaz"]
[Date "2013-04-17"]
[Round "2.7"]
[White "Wacior, Maciej"]
[Black "Wisniewski, Michal"]
[Result "1/2-1/2"]
[WhiteTitle "II+"]
[BlackTitle "I"]
[WhiteElo "1703"]
[BlackElo "1848"]

1. d4 Nf6 2. c4 c5 3. Nf3 g6 4. Nc3 Bg7 5. g3 O-O 6. Bg2 d5 7. cxd5 Nxd5 8. O-O
cxd4 9. Nxd4 Nxc3 10. bxc3 Qc7 11. Qb3 Nc6 12. Qc4 Bd7 13. Ba3 Qa5 14. Bxc6 Bxc6
15. Bxe7 Bd5 16. Qb4 Qxb4 17. Bxb4 Rfc8 18. Nb5 a5 19. Bd6 Bxc3 20. Rac1 Bb2 21.
Rcd1 Bc4 22. Nc7 Bxe2 23. Nxa8 Rxa8 24. Rb1 Bxf1 25. Kxf1 Rd8 26. Bf4 Bc3 27.
Rxb7 Bd2 28. Rb8 Rxb8 29. Bxb8 Kf8 30. Ke2 Bb4 31. Bc7 Ke7 32. a3 Bxa3 33. Bxa5
Bc5 34. f4 Ke6 35. Kf3 f5 36. h3 Bd4 37. Bc7 Bf6 38. Bb6 Bc3 39. Bc5 Bf6 40. Bb4
Bd4 41. Ba5 1/2-1/2

[Event "Ogolnopolska Olimpiada Mlodziezy w Sportach Umyslowych - C14"]
[Site "Walbrzych, Zamek Ksiaz"]
[Date "2013-04-17"]
[Round "2.8"]
[White "Czerniawski, Krzysztof"]
[Black "Pham, Juliusz"]
[Result "1-0"]
[WhiteTitle "I"]
[BlackTitle "I"]
[WhiteElo "1696"]
[BlackElo "1795"]

1. c4 Nf6 2. Nc3 e6 3. d4 Bb4 4. Qc2 O-O 5. e3 b6 6. Bd3 d5 7. Nge2 Bb7 8. O-O
c5 9. b3 Nbd7 10. Bb2 cxd4 11. exd4 Rc8 12. Nd1 Qc7 13. Ne3 Rfd8 14. Rfd1 Nf8
15. Rac1 Qe7 16. Ng3 Ng6 17. Bxg6 hxg6 18. Qe2 Bd6 19. Ng4 Nxg4 20. Qxg4 Qf6 21.
Qe2 Bf4 22. Rc2 Bb8 23. c5 Qe7 24. Rdc1 Qd7 25. Nf1 Bc6 26. Ne3 Bb5 27. Qd2 Qc7
28. g3 Qb7 29. f4 Bd7 30. Ng4 bxc5 31. Rxc5 Bd6 32. Rxc8 Rxc8 33. Ne5 Be8 34.
Nd3 Rc7 35. Rxc7 Qxc7 36. Qc3 Qxc3 37. Bxc3 Kf8 38. Kf2 Bb5 39. Ne5 Ke7 40. a4
Be8 41. Ke3 f6 42. Nd3 Kd7 43. Nc5+ Bxc5 44. dxc5 Kc6 45. Bd4 Bd7 46. Kd3 Bc8
47. Kc3 Ba6 48. b4 Be2 49. b5+ Kc7 50. Kb4 a6 51. c6 axb5 52. axb5 Kd6 53. Bc5+
Kc7 54. Bf8 Kb6 55. Bc5+ Kc7 56. Be7 d4 57. Kc5 Bf3 58. b6+ Kc8 59. b7+ 1-0

[Event "Ogolnopolska Olimpiada Mlodziezy w Sportach Umyslowych - C14"]
[Site "Walbrzych, Zamek Ksiaz"]
[Date "2013-04-17"]
[Round "2.9"]
[White "Bilczewski, Kacper"]
[Black "Choina, Michal"]
[Result "1/2-1/2"]
[WhiteTitle "I"]
[BlackTitle "II"]
[WhiteElo "1791"]
[BlackElo "1575"]

1. e4 c6 2. d4 d5 3. Nc3 dxe4 4. Nxe4 Bf5 5. Ng3 Bg6 6. Nh3 h6 7. Nf4 Bh7 8. Bd3
Qxd4 9. Be3 Qd8 10. Qe2 Bxd3 11. Nxd3 Nd7 12. O-O-O Qa5 13. Kb1 Ngf6 14. Bf4 e6
15. Bd2 Qc7 16. Nf5 O-O-O 17. Bf4 Qb6 18. Nd6+ Bxd6 19. Bxd6 c5 20. Bg3 Nd5 21.
Ka1 f6 22. c4 Ne7 23. f4 Nf5 24. Bf2 Nd4 25. Bxd4 cxd4 26. c5 Qa6 27. Qc2 Nb8
28. b4 Qc6 29. Rb1 a6 30. a4 Kd7 31. b5 axb5 32. axb5 Qc7 33. Qc4 Qa5+ 34. Kb2
Qc3+ 35. Qxc3 dxc3+ 36. Kxc3 Ke7 37. Rhe1 Rd5 38. Re3 Kf7 39. Rbe1 Rhd8 40. g3
R8d7 41. Rc1 Rc7 42. Kb3 Nd7 43. Kb4 Rd4+ 44. Kb3 Rd5 1/2-1/2

[Event "Ogolnopolska Olimpiada Mlodziezy w Sportach Umyslowych - C14"]
[Site "Walbrzych, Zamek Ksiaz"]
[Date "2013-04-17"]
[Round "2.10"]
[White "Snihur, Adam"]
[Black "Zaleski, Lukasz"]
[Result "0-1"]
[WhiteTitle "II"]
[BlackTitle "I"]
[WhiteElo "1683"]
[BlackElo "1791"]

1. e4 e6 2. d4 d5 3. e5 c5 4. c3 Qb6 5. Nf3 Bd7 6. a3 c4 7. Nbd2 Nc6 8. b3 cxb3
9. Qxb3 Qxb3 10. Nxb3 b6 11. Bb2 Rc8 12. Ba6 Rc7 13. O-O Nb8 14. Bd3 Ba4 15. Nbd2
b5 16. Rae1 Nd7 17. Ng5 g6 18. f4 h6 19. Nh3 Bxa3 20. Bxa3 Rxc3 21. Bb4 Rxd3 22.
Rc1 Nb6 23. Bc3 Nc4 24. Nxc4 dxc4 25. Rfe1 Ne7 26. Nf2 Rxc3 27. Rxc3 Nd5 28. Ra3
Ke7 29. Ne4 Rd8 30. Nc5 Nb6 31. Rb1 Rxd4 32. Nxa4 bxa4 33. g3 Kd7 34. Rb2 Kc6
35. Kf2 Kc5 36. Ke2 a5 37. Rb1 Nd5 38. Rc1 Kb4 39. Raa1 Nc3+ 40. Rxc3 Kxc3 41.
Rxa4 Rd5 0-1

[Event "Ogolnopolska Olimpiada Mlodziezy w Sportach Umyslowych - C14"]
[Site "Walbrzych, Zamek Ksiaz"]
[Date "2013-04-17"]
[Round "2.11"]
[White "Winiarski, Mikolaj"]
[Black "Fukowski, Pawel"]
[Result "1-0"]
[WhiteTitle "I+"]
[BlackTitle "I"]
[WhiteElo "2096"]
[BlackElo "1641"]

1. e4 e5 2. Nf3 Nc6 3. Bb5 a6 4. Ba4 Nf6 5. Qe2 b5 6. Bb3 Be7 7. O-O d6 8. h3 O-O
9. c3 Bb7 10. d3 Na5 11. Bc2 c5 12. Nbd2 Qc7 13. Re1 Nd7 14. Nf1 Bf6 15. Ne3 Bc6
16. Nh2 g6 17. b4 Nb7 18. Bb3 Nb6 19. Qf3 Bg7 20. Nhg4 Qe7 21. Nh2 Kh8 22. g4
a5 23. Bd2 a4 24. Bd5 Bxd5 25. Nxd5 Nxd5 26. exd5 Qd7 27. Rac1 f5 28. g5 Rac8
29. h4 Kg8 30. h5 Qf7 31. h6 Bh8 32. Nf1 Qd7 33. Ng3 c4 34. d4 e4 35. Qf4 Rce8
36. Nf1 Rf7 37. Qg3 Rfe7 38. Bf4 Kf7 39. Ne3 Rf8 40. Kf1 Ke8 41. Ke2 Kd8 42. a3
Kc7 43. Kd2 Rfe8 44. Kc2 Nd8 45. Ng2 Rf8 46. Re3 Rfe8 47. Rce1 Nf7 48. R1e2 Qd8
49. Re1 Qa8 50. f3 Qxd5 51. fxe4 Rxe4 52. Rxe4 Rxe4 53. Qf3 Kd7 54. Rxe4 Qxe4+
55. Qxe4 fxe4 56. Kd2 d5 57. Ne3 Ke6 58. Ke2 Nd6 59. Bh2 Nf5 60. Ng2 Ne7 61. Bc7
Kd7 62. Bb6 Kc6 63. Bc5 Nf5 64. Nf4 Nd6 65. Ne6 Nf7 66. Bf8 Kd7 67. Nc5+ Ke8 68.
Bg7 Ke7 69. Ke3 Kd6 70. Nb7+ Kc7 71. Nc5 Kd6 72. Bf8+ Kc6 73. Bg7 Kd6 74. Bf8+
Kc6 75. Be7 Nd6 76. Ke2 Nf5 77. Bf8 Nd6 78. Ne6 Kd7 79. Nf4 Kc6 80. Bg7 Nf7 81.
Ne6 Kd6 82. Nf8 Ke7 83. Nxh7 Ke6 84. Nf6 Kd6 85. Ke3 Ke6 86. Kf4 Kd6 87. Ng4 Ke7
88. Ne5 Nxe5 89. Bxe5 1-0

[Event "Ogolnopolska Olimpiada Mlodziezy w Sportach Umyslowych - C14"]
[Site "Walbrzych, Zamek Ksiaz"]
[Date "2013-04-17"]
[Round "2.12"]
[White "Adamczewski, Maciej"]
[Black "Szulc, Filip"]
[Result "1-0"]
[WhiteTitle "I"]
[BlackTitle "II+"]
[WhiteElo "1810"]
[BlackElo "1615"]

1. d4 d5 2. Nf3 c5 3. e3 e6 4. Be2 Nf6 5. O-O Nc6 6. Nbd2 Qc7 7. Re1 Be7 8. b3
cxd4 9. exd4 O-O 10. Bb2 a5 11. a3 b6 12. Rc1 Bb7 13. Bd3 a4 14. b4 Rfc8 15. Ne5
Bf8 16. f4 g6 17. Ndf3 Nxe5 18. dxe5 Nd7 19. Nd4 Bc6 20. Re3 Bh6 21. Qg4 Nf8 22.
Rh3 Bg7 23. Rf1 Bd7 24. Ne2 Qd8 25. Rg3 Qe8 26. Nd4 Rc7 27. Qe2 Rac8 28. Ba6 Ra8
29. Bb5 Rac8 30. Bd3 Kh8 31. h4 f5 32. exf6 Bxf6 33. Ba6 Qf7 34. Bxc8 Rxc8 35.
h5 Qg7 36. Qd3 Rc4 37. c3 Bxd4+ 38. cxd4 Bb5 39. Qd2 Qc7 40. Rc1 Rxc1+ 41. Qxc1
Bc4 42. Qe3 Kg7 43. hxg6 hxg6 44. Bc1 Qf7 45. f5 exf5 46. Qe5+ Kg8 47. Qd6 b5
48. Bh6 Ne6 49. Re3 Kh7 50. Rxe6 Kxh6 51. Qf4+ Kg7 52. Rc6 Qe8 53. Rc7+ Kf6 54.
Qh4+ Ke6 55. Qe1+ 1-0

[Event "Ogolnopolska Olimpiada Mlodziezy w Sportach Umyslowych - C14"]
[Site "Walbrzych, Zamek Ksiaz"]
[Date "2013-04-17"]
[Round "2.13"]
[White "Mockun, Dawid"]
[Black "Badyra, Wasyl"]
[Result "1/2-1/2"]
[WhiteTitle "II+"]
[BlackTitle "II"]
[WhiteElo "1749"]
[BlackElo "1681"]

1. d4 Nf6 2. Nf3 d5 3. c4 c6 4. Nc3 dxc4 5. a4 Bf5 6. e3 e6 7. Bxc4 Be7 8. O-O
O-O 9. Re1 Nbd7 10. e4 Bg4 11. h3 Bh5 12. Ba2 a5 13. Qd3 Nc5 14. Qc4 Na6 15. Ne5
Nb4 16. Bb1 Nd7 17. f4 Nxe5 18. dxe5 Bh4 19. Rf1 Bg3 20. Ra3 Qh4 21. Na2 g5 22.
Rxg3 Qxg3 23. fxg5 Nxa2 24. Bxa2 Qxe5 25. Bd2 Rfd8 26. Bc3 Qxg5 27. Kh1 Qg3 28.
Bb3 Qd3 29. Rf4 Qxc4 30. Bxc4 Bd1 31. Bf6 Rd2 32. Bc3 Rd7 33. b3 b6 34. Rf1 Bc2
35. Rf4 h5 36. Rh4 Bd1 37. g4 Kh7 38. Rxh5+ Kg6 39. Kg2 Bxb3 40. Be2 Bd1 41. Bc4
Bxa4 42. h4 b5 43. Rg5+ 1/2-1/2

[Event "Ogolnopolska Olimpiada Mlodziezy w Sportach Umyslowych - C14"]
[Site "Walbrzych, Zamek Ksiaz"]
[Date "2013-04-17"]
[Round "2.14"]
[White "Janiszewski, Filip"]
[Black "Kozakow, Aleksy"]
[Result "1-0"]
[WhiteTitle "I"]
[BlackTitle "II+"]
[WhiteElo "1745"]
[BlackElo "1619"]

1. e4 e5 2. Bc4 Nf6 3. d3 Be7 4. Nf3 d6 5. O-O O-O 6. h3 Nc6 7. c3 d5 8. exd5 Nxd5
9. Re1 Bf6 10. Bb3 Be6 11. Bc2 Qd7 12. Nbd2 Bxh3 13. gxh3 Nf4 14. Nf1 Nxh3+ 15.
Kg2 Qg4+ 16. Ng3 Nf4+ 17. Bxf4 exf4 18. Re4 Rae8 19. Rc4 h5 20. Qd2 g5 21. Nh2
Qh4 22. Nf5 1-0

[Event "Ogolnopolska Olimpiada Mlodziezy w Sportach Umyslowych - C14"]
[Site "Walbrzych, Zamek Ksiaz"]
[Date "2013-04-17"]
[Round "2.15"]
[White "Oleszek, Maciej"]
[Black "Bandyk, Sebastian"]
[Result "1/2-1/2"]
[WhiteTitle "II+"]
[BlackTitle "II+"]
[WhiteElo "1667"]
[BlackElo "1582"]

1. d4 d5 2. Nf3 Nf6 3. Bg5 Bf5 4. e3 Nbd7 5. Bd3 Bg6 6. Bxg6 hxg6 7. Nbd2 c5 8.
c3 e6 9. Qa4 Be7 10. O-O Qc7 11. Bf4 Qb6 12. Qb3 Nh5 13. Qxb6 axb6 14. Bg3 Nxg3
15. hxg3 c4 16. e4 dxe4 17. Nxe4 b5 18. a3 Nb6 19. Rfd1 Nd5 20. Re1 f6 21. Ned2
Kf7 22. a4 b4 23. Nxc4 bxc3 24. bxc3 Nxc3 25. a5 Nd5 26. Reb1 Ra7 27. Nb6 Nxb6
28. Rxb6 Rha8 29. Rab1 Rxa5 30. Rxb7 Ra1 31. Kf1 Rxb1+ 32. Rxb1 Ra2 33. Rb7 Kf8
34. Rb8+ Kf7 35. Rb7 Kf8 36. Rb8+ Kf7 37. Rb7 Kf8 38. Rb8+ Kf7 39. Rb7 Ke8 40.
Rb8+ Kf7 41. Rb7 1/2-1/2

[Event "Ogolnopolska Olimpiada Mlodziezy w Sportach Umyslowych - C14"]
[Site "Walbrzych, Zamek Ksiaz"]
[Date "2013-04-17"]
[Round "2.16"]
[White "Slomczewski, Michal"]
[Black "Michalski, Filip"]
[Result "1/2-1/2"]
[WhiteTitle "II"]
[BlackTitle "II"]
[WhiteElo "1541"]
[BlackElo "1665"]

1. e4 c6 2. d4 d5 3. exd5 cxd5 4. Nf3 Nf6 5. Nc3 Nc6 6. h3 Bf5 7. Bb5 e6 8. O-O
Bd6 9. Be3 O-O 10. Qd2 Rc8 11. Bd3 Bg6 12. Nb5 Bb8 13. Bxg6 hxg6 14. Nc3 a6 15.
Rad1 Qc7 16. Bg5 Ne4 17. Be3 Nxc3 18. Qxc3 b5 19. Qd2 a5 20. c3 Qb6 21. a3 b4
22. axb4 axb4 23. Ra1 Bd6 24. Bf4 Bxf4 25. Qxf4 Ne7 26. Qd2 bxc3 27. bxc3 Rc7
28. Rfb1 Qc6 29. Rc1 Rfc8 30. Ne5 Qe8 31. Nd3 Nf5 32. Nc5 Nd6 33. Ra6 Nb7 34.
Nxb7 Rxb7 35. Ra2 Qb5 36. Rac2 Rc4 37. Qe3 Rbc7 38. Qe1 Qc6 39. Qe3 f6 40. f4
Qd6 41. Re2 R7c6 42. Kh1 Qc7 43. Rec2 Kf7 44. Kg1 Qc8 45. g4 Ra4 46. Kg2 Ra3 47.
Qe1 Rb3 48. Kh1 Qb8 49. Qe3 Qb6 50. Kg2 Qa5 51. Qe1 Ra3 52. Qe3 Qa4 53. Kh1 Kg8
54. Qd3 Kf7 55. Qe3 Ra2 56. Qd2 Rxc2 57. Qxc2 Qa3 58. Qd2 Rb6 59. Kg2 Rb2 60.
Rc2 Rb1 61. Qe3 Ra1 62. Re2 Qa6 63. f5 gxf5 64. gxf5 Ra3 65. fxe6+ Ke7 66. Kf2
Qd6 67. Kg2 Qa6 68. Kf2 Qd6 69. Kg2 1/2-1/2

[Event "Ogolnopolska Olimpiada Mlodziezy w Sportach Umyslowych - C14"]
[Site "Walbrzych, Zamek Ksiaz"]
[Date "2013-04-17"]
[Round "2.17"]
[White "Kaczkowski, Maciej"]
[Black "Szustakowski, Antoni"]
[Result "1/2-1/2"]
[WhiteTitle "II"]
[BlackTitle "II"]
[WhiteElo "1651"]
[BlackElo "1531"]

1. e4 c6 2. Nc3 d5 3. Nf3 dxe4 4. Nxe4 Nd7 5. d4 Ngf6 6. Bd3 Nxe4 7. Bxe4 Nf6 8.
Bd3 Bg4 9. c3 h6 10. h3 Bxf3 11. Qxf3 e6 12. Bf4 Bd6 13. Be5 Bxe5 14. dxe5 Nd7
15. Qe3 Qc7 16. f4 O-O-O 17. O-O-O Qb6 18. Qxb6 Nxb6 19. Be4 Rxd1+ 20. Rxd1 Rd8
21. Rxd8+ Kxd8 22. Kc2 Kc7 23. b3 Nd7 24. Kd3 c5 25. a4 b6 26. g4 g6 27. h4 a6
28. g5 h5 29. Kc4 Kb8 30. Bc6 Kc7 31. Bxd7 Kxd7 32. Kd3 Kc6 33. c4 a5 34. Ke4
Kd7 35. Kd3 Kc6 36. Ke4 Kd7 37. Kd3 Kc6 38. Ke4 Kd7 39. Kd3 Kc6 1/2-1/2

[Event "Ogolnopolska Olimpiada Mlodziezy w Sportach Umyslowych - C14"]
[Site "Walbrzych, Zamek Ksiaz"]
[Date "2013-04-17"]
[Round "2.18"]
[White "Tylenda, Krzysztof"]
[Black "Belczewski, Jacek"]
[Result "0-1"]
[WhiteTitle "II+"]
[BlackTitle "II+"]
[WhiteElo "1507"]
[BlackElo "1650"]

1. e4 e6 2. d4 d5 3. Nc3 Bb4 4. Nge2 dxe4 5. a3 Bxc3+ 6. Nxc3 Nf6 7. Bg5 h6 8.
Bxf6 Qxf6 9. Nxe4 Qe7 10. Bc4 Bd7 11. O-O O-O 12. Re1 Bc6 13. d5 exd5 14. Nc3
Qc5 15. Bxd5 Na6 16. Bxc6 Qxc6 17. Nd5 Qb5 18. Ne7+ Kh8 19. Qd4 Rad8 20. Qc3 Qc5
21. Qxc5 Nxc5 22. b4 Ne6 23. Rad1 Nd4 24. Rc1 Nb5 25. c4 Nd4 26. Nd5 c6 27. Nf4
Rd7 28. f3 Rfd8 29. Re4 g5 30. Nh5 Ne6 31. Rce1 Rd1 32. Kf2 R8d2+ 33. Kg3 Rxe1
34. Rxe1 Rd3 35. b5 c5 36. a4 Ra3 37. Rd1 Nd4 38. Re1 Rxa4 39. Re8+ Kh7 40. Rf8
Kg6 41. Rg8+ Kf5 42. Rb8 b6 43. Ng7+ Kg6 44. Ne8 Rxc4 45. Nd6 Nf5+ 46. Nxf5 Kxf5
47. Rb7 Kg6 48. Rxa7 Rb4 49. Rc7 Rxb5 50. h4 Rb2 51. h5+ Kg7 52. Rc6 Rb4 53. Kf2
c4 54. Ke3 Rb3+ 55. Kd4 b5 56. Rc7 Rb2 57. g3 Rd2+ 58. Kc5 Rd3 59. f4 Rxg3 60.
fxg5 Rxg5+ 0-1

[Event "Ogolnopolska Olimpiada Mlodziezy w Sportach Umyslowych - C14"]
[Site "Walbrzych, Zamek Ksiaz"]
[Date "2013-04-17"]
[Round "2.19"]
[White "Rudecki, Bartosz"]
[Black "Ruttar, Lukasz"]
[Result "1-0"]
[WhiteTitle "II"]
[BlackTitle "II"]
[WhiteElo "1649"]
[BlackElo "1471"]

1. e4 e5 2. Nf3 Nc6 3. Bb5 a6 4. Ba4 Nf6 5. O-O d6 6. h3 Be7 7. c3 Nxe4 8. d4 b5
9. Bb3 Nf6 10. a4 Bb7 11. axb5 axb5 12. Rxa8 Qxa8 13. Re1 Nd7 14. Bg5 Qd8 15.
Bxe7 Qxe7 16. dxe5 dxe5 17. Qd3 b4 18. cxb4 O-O 19. Ba4 Nb6 20. Qd1 Qxb4 21. Bxc6
Bxc6 22. Nxe5 Ba4 23. Qc1 Re8 24. Nc3 Qd6 25. Nxa4 Nxa4 26. Qf4 f6 27. Qxa4 Rxe5
28. Rd1 Qc5 29. Qb3+ Kf8 30. Rd8+ Ke7 31. Rd1 Re2 32. Qg3 g6 33. b4 Qc2 34. Rd3
Re1+ 35. Kh2 Qc1 36. Qg4 Re6 37. Qd4 Rd6 38. Re3+ Re6 39. Rc3 Qg5 40. Rxc7+ Kf8
41. Rxh7 Qe5+ 42. Qxe5 Rxe5 43. Rh4 Rb5 44. Rd4 Ke7 45. g4 Ke6 46. f4 g5 47. Kg3
Rb7 48. h4 gxh4+ 49. Kxh4 Rh7+ 50. Kg3 Rb7 51. Kf3 Rb8 52. Ke4 Rb5 53. f5+ Kf7
54. Kd3 Kg7 55. Kc4 Rb8 56. Rd6 Re8 57. b5 Re4+ 58. Rd4 Re8 59. b6 Kh6 60. Kb5
1-0

[Event "Ogolnopolska Olimpiada Mlodziezy w Sportach Umyslowych - C14"]
[Site "Walbrzych, Zamek Ksiaz"]
[Date "2013-04-17"]
[Round "2.20"]
[White "Kotarski, Bartosz"]
[Black "Krasinski, Mateusz"]
[Result "1-0"]
[WhiteTitle "II"]
[BlackTitle "II"]
[WhiteElo "1449"]
[BlackElo "1646"]

1. e4 c5 2. Nc3 Nc6 3. f4 g6 4. Nf3 Bg7 5. d3 d6 6. Be3 Nd4 7. g3 e6 8. Bg2 Ne7
9. O-O O-O 10. h3 Kh8 11. g4 f5 12. Bxd4 cxd4 13. Ne2 Qb6 14. Nd2 Bd7 15. Nc4
Qc5 16. b4 Qxb4 17. Rb1 Qc5 18. Rxb7 Rad8 19. Ng3 Bc8 20. Rxe7 Bf6 21. exf5 Bxe7
22. fxg6 hxg6 23. g5 Rf7 24. h4 Rh7 25. h5 gxh5 26. Be4 Bxg5 27. Bxh7 Bxf4 28.
Rxf4 Qg5 29. Qf3 Kxh7 30. Qxh5+ Qxh5 31. Nxh5 Rg8+ 32. Kf2 e5 33. Nf6+ Kg6 34.
Nxg8 exf4 35. Ne7+ 1-0

[Event "Ogolnopolska Olimpiada Mlodziezy w Sportach Umyslowych - C14"]
[Site "Walbrzych, Zamek Ksiaz"]
[Date "2013-04-17"]
[Round "2.21"]
[White "Adamczyk, Pawel"]
[Black "Pytel, Przemyslaw"]
[Result "1/2-1/2"]
[WhiteTitle "II"]
[BlackTitle "II"]
[WhiteElo "1645"]
[BlackElo "1389"]

1. e4 c5 2. Nf3 e6 3. d4 cxd4 4. Nxd4 Nc6 5. Nb5 d6 6. c4 Nf6 7. N1c3 a6 8. Na3
Be7 9. Be3 O-O 10. Be2 b6 11. O-O Bb7 12. Rc1 Ne5 13. f3 Rc8 14. Qb3 Ned7 15.
Rfd1 Qc7 16. Qc2 Nc5 17. Qd2 Rfd8 18. Qe1 Rd7 19. b4 Ncxe4 20. fxe4 Nxe4 21. Nxe4
Bxe4 22. Qf2 Rb8 23. c5 bxc5 24. bxc5 d5 25. c6 Rdd8 26. Bf4 e5 27. Bxe5 Qxe5
28. c7 Bxa3 29. cxd8=Q+ Rxd8 30. Rc4 Rb8 31. Ra4 Bd6 32. Qg3 Qxg3 33. hxg3 Bxg3
34. Rxa6 g6 35. Ra3 Bc7 36. Bf3 f5 37. Bxe4 dxe4 38. Rd7 Bf4 39. g3 Bh6 40. Rb3
Rc8 41. Kf1 1/2-1/2

[Event "Ogolnopolska Olimpiada Mlodziezy w Sportach Umyslowych - C14"]
[Site "Walbrzych, Zamek Ksiaz"]
[Date "2013-04-17"]
[Round "2.23"]
[White "Molenda, Mikolaj"]
[Black "Fudalej, Slawomir"]
[Result "0-1"]
[WhiteTitle "II"]
[BlackTitle "II+"]
[WhiteElo "1346"]
[BlackElo "1620"]

1. e4 e5 2. Nf3 Nc6 3. Bb5 a6 4. Ba4 Nf6 5. O-O Be7 6. Re1 b5 7. Bb3 d6 8. h3 Na5
9. c3 Nxb3 10. Qxb3 Bb7 11. Qc2 c5 12. d4 cxd4 13. cxd4 Rc8 14. Qd1 exd4 15. Qxd4
Bxe4 16. Qe3 d5 17. Nc3 b4 18. Ne2 Bc5 19. Nfd4 O-O 20. Qg3 Bg6 21. Bg5 Ne4 22.
Bxd8 Nxg3 23. Nxg3 Bxd4 24. Rad1 Bxf2+ 25. Kxf2 Rfxd8 26. Re2 Rc2 27. Rxc2 Bxc2
28. Rd2 Bg6 29. Rd4 a5 30. a3 bxa3 31. bxa3 f6 32. Ne2 Bf7 33. Nc3 Kf8 34. Ne4
Ke7 35. Nc5 Rc8 36. Nb7 Rc2+ 37. Kf1 Rc4 38. Rd3 a4 39. Ke2 Rc7 40. Na5 Rc5 41.
Nb7 Rb5 0-1

[Event "Ogolnopolska Olimpiada Mlodziezy w Sportach Umyslowych - C14"]
[Site "Walbrzych, Zamek Ksiaz"]
[Date "2013-04-17"]
[Round "3.1"]
[White "Koziol, Kamil"]
[Black "Walter, Szymon"]
[Result "1/2-1/2"]
[WhiteTitle "I++"]
[BlackTitle "I+"]
[WhiteElo "2006"]
[BlackElo "1925"]

1. e4 c5 2. Nf3 Nc6 3. d4 cxd4 4. Nxd4 Nf6 5. Nc3 e6 6. Ndb5 Bb4 7. a3 Bxc3+ 8.
Nxc3 d5 9. exd5 exd5 10. Bd3 d4 11. Ne2 O-O 12. O-O Qd5 13. f4 Ne4 14. Ng3 Nxg3
15. hxg3 f5 16. Be2 Qc5 17. Qd3 Be6 18. b3 Bd5 19. Qb5 Qxb5 20. Bxb5 Be4 21. Bd3
Bxd3 22. cxd3 Rfe8 23. Kf2 Rac8 24. Bd2 Ne7 25. Rac1 Nd5 26. Rc4 Nf6 27. Rfc1
Rxc4 28. Rxc4 Rd8 29. Bc1 Re8 30. Rxd4 Ng4+ 31. Kf1 Nh2+ 32. Kf2 Ng4+ 33. Kf1
Nh2+ 34. Kf2 Ng4+ 1/2-1/2

[Event "Ogolnopolska Olimpiada Mlodziezy w Sportach Umyslowych - C14"]
[Site "Walbrzych, Zamek Ksiaz"]
[Date "2013-04-17"]
[Round "3.2"]
[White "Zaleski, Lukasz"]
[Black "Tomczak, Mikolaj"]
[Result "0-1"]
[WhiteTitle "I"]
[BlackTitle "I+"]
[WhiteElo "1791"]
[BlackElo "1990"]

1. e4 c5 2. f4 d5 3. Nc3 dxe4 4. Nxe4 e6 5. Nf3 Nf6 6. Bb5+ Bd7 7. Qe2 Nxe4 8.
Bxd7+ Qxd7 9. Qxe4 Nc6 10. O-O Be7 11. d3 O-O 12. Bd2 Bf6 13. Bc3 Bxc3 14. bxc3
Qd5 15. Qe2 b6 16. Ne5 Rad8 17. Rf3 Nd4 18. Qf2 Nxf3+ 19. gxf3 f6 20. Ng4 Kh8
21. Kh1 e5 22. f5 Qd7 23. Ne3 c4 24. Rd1 cxd3 25. cxd3 Qc6 26. d4 exd4 27. cxd4
Rfe8 28. Ng2 Qb5 29. Ne3 Qa4 30. Rg1 Qxd4 31. Qg3 Qd7 32. Nd5 Rg8 33. Ne3 Rde8
34. Qf4 Qd2 35. Ng2 Qxf4 36. Nxf4 Re5 37. Rd1 Rxf5 38. Rd4 g5 39. Ne6 Re5 40.
Nc7 Re7 41. Nb5 Kg7 42. Nc3 Rc8 43. Ne4 Rc2 44. Rd1 Rxa2 45. Ng3 Kg6 46. Rg1 Rc7
0-1

[Event "Ogolnopolska Olimpiada Mlodziezy w Sportach Umyslowych - C14"]
[Site "Walbrzych, Zamek Ksiaz"]
[Date "2013-04-17"]
[Round "3.3"]
[White "Grela, Kacper"]
[Black "Szostko, Jakub"]
[Result "1-0"]
[WhiteTitle "I"]
[BlackTitle "I+"]
[WhiteElo "1979"]
[BlackElo "1858"]

1. e4 c5 2. Nf3 d6 3. d4 cxd4 4. Nxd4 Nf6 5. Nc3 g6 6. Be3 Bg7 7. f3 a6 8. Qd2
Nbd7 9. Bc4 b5 10. Bb3 Bb7 11. Bh6 Bxh6 12. Qxh6 Rc8 13. O-O-O Qc7 14. h4 Nc5
15. Rd2 b4 16. Na4 Qa5 17. Nxc5 dxc5 18. Qg5 Qc7 19. Ba4+ Kf8 20. Qh6+ Kg8 21.
h5 cxd4 22. hxg6 Qg3 23. gxf7+ Kxf7 24. Bb3+ e6 25. Rxd4 a5 26. Rd7+ Ke8 27. Rxb7
Rf8 28. Ba4+ 1-0